[Event "HUN-chT2 Szechenyi 2324"]
[Site "Hungary"]
[Date "2023.10.08"]
[Round "1.1"]
[White "Pergel, Laszlo"]
[Black "Szabo, Benjamin"]
[Result "1/2-1/2"]
[WhiteElo "2212"]
[BlackElo "2075"]
[PlyCount "41"]
[EventDate "2023.10.08"]
[EventType "team-tourn"]
[EventRounds "9"]
[EventCountry "HUN"]
[SourceTitle "EXT 2025"]
[Source "ChessBase"]
[SourceDate "2024.10.14"]
[SourceVersion "1"]
[SourceVersionDate "2024.10.14"]
[SourceQuality "1"]
[WhiteTeam "Haladas Szombathely III"]
[BlackTeam "Tapolca VSE II"]
[WhiteTeamCountry "HUN"]
[BlackTeamCountry "HUN"]

1. e4 c6 2. d4 d5 3. Nd2 Qb6 4. c3 a5 5. Ngf3 Bg4 6. h3 Bxf3 7. Qxf3 e6 8. Bd3 Nf6 9. 0-0 dxe4 10. Nxe4 Nbd7 11. Be3 Nxe4 12. Bxe4 Qc7 13. Rfe1 Nf6 14. Bc2 Nd5 15. c4 Nxe3 16. Rxe3 Be7 17. d5 Bf6 18. dxe6 0-0-0 19. Rae1 fxe6 20. Rxe6 Kb8 21. Qe2 1/2-1/2

[Event "HUN-chT2 Szechenyi 2223"]
[Site "Hungary"]
[Date "2023.03.12"]
[Round "7.2"]
[White "Szabo, Benjamin"]
[Black "Gutmann, Alois"]
[Result "1/2-1/2"]
[WhiteElo "2076"]
[BlackElo "2013"]
[PlyCount "44"]
[EventDate "2022.11.20"]
[EventType "team-tourn"]
[EventRounds "9"]
[EventCountry "HUN"]
[SourceTitle "EXT 2025"]
[Source "ChessBase"]
[SourceDate "2024.10.14"]
[SourceVersion "1"]
[SourceVersionDate "2024.10.14"]
[SourceQuality "1"]
[WhiteTeam "Tapolca VSE II"]
[BlackTeam "Haladas III"]
[WhiteTeamCountry "HUN"]
[BlackTeamCountry "HUN"]

1. d4 e6 2. Nf3 f5 3. g3 b6 4. Bg2 Bb7 5. 0-0 Nf6 6. c4 Be7 7. Nc3 Ne4 8. Qc2 Nxc3 9. Qxc3 Bf6 10. Qd2 Be4 11. b3 0-0 12. Bb2 Qe8 13. Rfd1 d6 14. Rac1 Nd7 15. b4 Rb8 16. Ba3 e5 17. dxe5 Nxe5 18. Nxe5 Bxg2 19. Kxg2 Qxe5 20. Qd5+ Rf7 21. e3 Re8 22. b5 Qe4+ 1/2-1/2

[Event "HUN-chT2 Szechenyi 2223"]
[Site "Hungary"]
[Date "2022.12.18"]
[Round "3.2"]
[White "Szabo, Benjamin"]
[Black "Rezsek, Gyozo"]
[Result "1/2-1/2"]
[WhiteElo "2073"]
[BlackElo "2001"]
[PlyCount "20"]
[EventDate "2022.11.20"]
[EventType "team-tourn"]
[EventRounds "9"]
[EventCountry "HUN"]
[SourceTitle "EXT 2025"]
[Source "ChessBase"]
[SourceDate "2024.10.14"]
[SourceVersion "1"]
[SourceVersionDate "2024.10.14"]
[SourceQuality "1"]
[WhiteTeam "Tapolca VSE II"]
[BlackTeam "Spartacus Sportkor"]
[WhiteTeamCountry "HUN"]
[BlackTeamCountry "HUN"]

1. d4 Nf6 2. Nf3 e6 3. g3 d5 4. Bg2 Be7 5. 0-0 0-0 6. b3 c6 7. Bb2 b6 8. Ne5 Bb7 9. Nd2 Nbd7 10. Nd3 Rc8 1/2-1/2

[Event "HUN-chT2 Szechenyi 2122"]
[Site "Hungary"]
[Date "2022.02.13"]
[Round "6.2"]
[White "Martini, Balazs"]
[Black "Szabo, Benjamin"]
[Result "1/2-1/2"]
[WhiteElo "2345"]
[BlackElo "2062"]
[PlyCount "82"]
[EventDate "2021.10.10"]
[EventType "team-tourn"]
[EventRounds "9"]
[EventCountry "HUN"]
[SourceTitle "EXT 2025"]
[Source "ChessBase"]
[SourceDate "2024.10.14"]
[SourceVersion "1"]
[SourceVersionDate "2024.10.14"]
[SourceQuality "1"]
[WhiteTeam "Sentimento Ajka BSK"]
[BlackTeam "Tapolca VSE"]
[WhiteTeamCountry "HUN"]
[BlackTeamCountry "HUN"]

1. Nf3 Nf6 2. g3 b6 3. Bg2 Bb7 4. 0-0 e6 5. b3 Be7 6. Bb2 0-0 7. d3 c5 8. e4 d6 9. Nbd2 Nbd7 10. Ne1 Ne8 11. f4 b5 12. g4 Nb6 13. Nef3 a5 14. g5 a4 15. h4 a3 16. Bc1 d5 17. e5 Nc7 18. Nh2 g6 19. Ng4 b4 20. h5 Nb5 21. Rf3 Nd4 22. Rh3 Nf5 23. Kf2 Kg7 24. Qh1 Rh8 25. Nf6 h6 26. hxg6 fxg6 27. Nf3 h5 28. Bd2 c4 29. d4 cxb3 30. cxb3 Rc8 31. Rc1 Rxc1 32. Qxc1 Qc8 33. Rh1 Ba6 34. Qb1 Bb5 35. Bf1 Qa6 36. Bxb5 Qxb5 37. Rc1 Rc8 38. Rxc8 Nxc8 39. Qc2 Qb7 40. Qd3 Na7 41. Ne1 Nc6 1/2-1/2

[Event "HUN-chT2 Szechenyi 1819"]
[Site "Hungary"]
[Date "2018.11.18"]
[Round "2.4"]
[White "Szabo, Benjamin"]
[Black "Kolimar, Kristof Pal"]
[Result "1-0"]
[WhiteElo "2065"]
[BlackElo "1814"]
[PlyCount "49"]
[EventDate "2018.10.28"]
[EventType "team-tourn"]
[EventRounds "9"]
[EventCountry "HUN"]
[SourceTitle "EXT 2021"]
[Source "ChessBase"]
[SourceDate "2020.10.23"]
[SourceVersion "1"]
[SourceVersionDate "2020.10.23"]
[SourceQuality "1"]
[WhiteTeam "Tapolca VSE II"]
[BlackTeam "Veszprem Ezust Huszar"]
[WhiteTeamCountry "HUN"]
[BlackTeamCountry "HUN"]

1. d4 d5 2. Nf3 Nf6 3. g3 c6 4. Bg2 Bf5 5. 0-0 e6 6. c4 dxc4 7. Nc3 Nd5 8. Ne5 b5 9. e4 Nxc3 10. bxc3 Bg6 11. f4 Qc8 12. Qf3 f6 13. f5 exf5 14. exf5 Qxf5 15. Qxf5 Bxf5 16. Nxc6 Bh3 17. Re1+ Kf7 18. Nd8+ Kg6 19. Bxa8 Bd6 20. Ne6 b4 21. Nf4+ Bxf4 22. Bxf4 bxc3 23. Be4+ f5 24. Bf3 Na6 25. Re6+ 1-0

[Event "HUN-chT2 Szechenyi 1617"]
[Site "Hungary"]
[Date "2016.12.11"]
[Round "6"]
[White "Horvath, Reka"]
[Black "Szabo, Benjamin"]
[Result "1-0"]
[WhiteElo "2060"]
[BlackElo "2023"]
[PlyCount "75"]
[EventDate "2016.09.25"]
[EventType "team-tourn"]
[EventRounds "11"]
[EventCountry "HUN"]
[SourceTitle "EXT 2021"]
[Source "ChessBase"]
[SourceDate "2020.10.23"]
[SourceVersion "1"]
[SourceVersionDate "2020.10.23"]
[SourceQuality "1"]
[WhiteTeam "Haladas Szombathely III"]
[BlackTeam "Tapolca VSE II"]
[WhiteTeamCountry "HUN"]
[BlackTeamCountry "HUN"]

1. Nf3 g6 2. g3 Bg7 3. d4 d6 4. Bg2 Nf6 5. 0-0 Nbd7 6. b3 0-0 7. Bb2 c5 8. c4 Rb8 9. dxc5 Nxc5 10. Nd4 a6 11. Nc3 e5 12. Nc2 b5 13. cxb5 axb5 14. Nb4 Bb7 15. Bxb7 Rxb7 16. Ncd5 Ng4 17. Rc1 f5 18. Nc6 Qe8 19. Nde7+ Rxe7 20. Qxd6 Rd7 21. Qxc5 Rd2 22. Rc2 Rxc2 23. Qxc2 f4 24. Ba3 Rf6 25. Ne7+ Kh8 26. Nd5 Rf7 27. Rc1 fxg3 28. hxg3 Bh6 29. Qc8 Qxc8 30. Rxc8+ Kg7 31. Rc7 Bd2 32. Bd6 e4 33. f3 exf3 34. exf3 Nh6 35. Be5+ Kg8 36. Nf6+ Kf8 37. Rc8+ Ke7 38. Re8# 1-0

[Event "HUN-chT U18"]
[Site "Budapest"]
[Date "2015.08.28"]
[Round "5.22"]
[White "Szabo, Benjamin"]
[Black "Kovacs, Judit"]
[Result "1-0"]
[WhiteElo "2005"]
[BlackElo "1910"]
[PlyCount "77"]
[EventDate "2015.08.26"]
[EventType "team-swiss"]
[EventRounds "8"]
[EventCountry "HUN"]
[SourceTitle "EXT 2016"]
[Source "ChessBase"]
[SourceDate "2015.10.08"]
[SourceVersion "1"]
[SourceVersionDate "2015.10.08"]
[SourceQuality "1"]

1. d4 d5 2. Nf3 Nf6 3. g3 c6 4. Bg2 Bf5 5. 0-0 e6 6. c4 Nbd7 7. Nc3 h6 8. Nd2 Bb4 9. Qb3 Bxc3 10. bxc3 Qb6 11. c5 Qxb3 12. axb3 e5 13. b4 0-0 14. Bb2 Rfe8 15. e3 exd4 16. cxd4 a6 17. Ra3 Ne4 18. Nb3 Bg6 19. Rfa1 f5 20. Bf1 Rab8 21. Na5 Re6 22. Bc1 Kh7 23. f3 Nef6 24. Bd2 Be8 25. Bd3 g6 26. Re1 Bf7 27. Bc2 b6 28. Nb3 bxc5 29. bxc5 Ra8 30. Rea1 Nb8 31. Bd3 Re7 32. Kf2 Be6 33. Na5 Bc8 34. Rb1 Nfd7 35. Rab3 h5 36. R3b2 Kg7 37. Bc2 Re6 38. e4 fxe4 39. Bf4 1-0

[Event "HUN-chT2 Szechenyi 1415"]
[Site "Hungary"]
[Date "2015.03.22"]
[Round "10.3"]
[White "Kiss, Csaba"]
[Black "Szabo, Benjamin"]
[Result "0-1"]
[WhiteElo "1797"]
[BlackElo "1941"]
[PlyCount "88"]
[EventDate "2014.09.07"]
[EventType "team-tourn"]
[EventRounds "11"]
[EventCountry "HUN"]
[SourceTitle "EXT 2016"]
[Source "ChessBase"]
[SourceDate "2015.10.08"]
[SourceVersion "1"]
[SourceVersionDate "2015.10.08"]
[SourceQuality "1"]
[WhiteTeam "Papa"]
[BlackTeam "Tapolca"]
[WhiteTeamCountry "HUN"]
[BlackTeamCountry "HUN"]

1. e4 c5 2. Nf3 e6 3. d4 cxd4 4. Nxd4 a6 5. Be2 Qc7 6. Be3 Nf6 7. Nd2 d6 8. 0-0 Nbd7 9. c3 Be7 10. Rc1 b6 11. Qc2 Bb7 12. f3 0-0 13. Rfd1 d5 14. exd5 Nxd5 15. Bf2 Bg5 16. Re1 g6 17. Bf1 Rac8 18. a3 Qd8 19. Rcd1 e5 20. N4b3 f5 21. Nc4 Qc7 22. Nbd2 b5 23. Ne3 Nxe3 24. Rxe3 Bxe3 25. Bxe3 Nf6 26. Bh6 Qc5+ 27. Kh1 Rfe8 28. Bg5 Nd5 29. Nb3 Qb6 30. Qd2 Ba8 31. h3 Qe6 32. Na5 Nb6 33. Qd6 Bd5 34. Qb4 e4 35. fxe4 Qxe4 36. Qd6 Re6 37. Qg3 Qa4 38. Rxd5 Nxd5 39. Qd3 Nb6 40. Nb7 Qe4 41. Qf3 Qxf3 42. gxf3 Na4 43. c4 bxc4 44. Na5 Nxb2 0-1

[Event "HUN-chT2 Szechenyi 1415"]
[Site "Hungary"]
[Date "2014.11.16"]
[Round "4.3"]
[White "Csaba, Arpad Jr"]
[Black "Szabo, Benjamin"]
[Result "1/2-1/2"]
[WhiteElo "2133"]
[BlackElo "1941"]
[PlyCount "31"]
[EventDate "2014.09.07"]
[EventType "team-tourn"]
[EventRounds "11"]
[EventCountry "HUN"]
[SourceTitle "EXT 2016"]
[Source "ChessBase"]
[SourceDate "2015.10.08"]
[SourceVersion "1"]
[SourceVersionDate "2015.10.08"]
[SourceQuality "1"]
[WhiteTeam "Ajka Banyasz"]
[BlackTeam "Tapolca"]
[WhiteTeamCountry "HUN"]
[BlackTeamCountry "HUN"]

1. b3 e5 2. Bb2 Nc6 3. e3 Nf6 4. Ne2 Be7 5. d4 exd4 6. Nxd4 Nxd4 7. Bxd4 0-0 8. Bd3 d5 9. Nd2 b6 10. Qf3 Bb7 11. g4 c5 12. Bb2 Ne8 13. Rg1 Bf6 14. Bxf6 Qxf6 15. Qxf6 Nxf6 16. 0-0-0 1/2-1/2

[Event "HUN-ch U14"]
[Site "Balatonlelle"]
[Date "2014.06.26"]
[Round "7"]
[White "Szabo, Benjamin"]
[Black "Kovacs, Bence"]
[Result "1/2-1/2"]
[WhiteElo "1842"]
[BlackElo "1886"]
[PlyCount "36"]
[EventDate "2014.06.20"]
[EventType "swiss"]
[EventRounds "9"]
[EventCountry "HUN"]
[SourceTitle "EXT 2024"]
[Source "ChessBase"]
[SourceDate "2023.10.10"]
[SourceVersion "1"]
[SourceVersionDate "2023.10.10"]
[SourceQuality "1"]

1. d4 Nf6 2. Nf3 g6 3. Bg5 d5 4. Nbd2 Ne4 5. Bf4 Bg7 6. e3 c5 7. c3 cxd4 8. cxd4 0-0 9. Be2 Nc6 10. a3 Re8 11. 0-0 Bg4 12. h3 Bxf3 13. Nxf3 e5 14. dxe5 Nxe5 15. Nxe5 Bxe5 16. Bxe5 Rxe5 17. Rc1 Qb6 18. b4 Rd8 1/2-1/2

[Event "HUN-ch U14"]
[Site "Balatonlelle"]
[Date "2014.06.25"]
[Round "6"]
[White "Polyik, Peter"]
[Black "Szabo, Benjamin"]
[Result "1/2-1/2"]
[WhiteElo "1947"]
[BlackElo "1842"]
[PlyCount "49"]
[EventDate "2014.06.20"]
[EventType "swiss"]
[EventRounds "9"]
[EventCountry "HUN"]
[SourceTitle "EXT 2024"]
[Source "ChessBase"]
[SourceDate "2023.10.10"]
[SourceVersion "1"]
[SourceVersionDate "2023.10.10"]
[SourceQuality "1"]

1. d4 d5 2. c4 e6 3. Nc3 Be7 4. Nf3 c6 5. Qc2 Nd7 6. cxd5 exd5 7. Bf4 Ngf6 8. e3 Nb6 9. Bd3 Be6 10. 0-0 0-0 11. Rab1 h6 12. Na4 Nxa4 13. Qxa4 Bd6 14. Bg3 Bxg3 15. hxg3 Ne8 16. b4 Nd6 17. b5 cxb5 18. Bxb5 a6 19. Be2 Qd7 20. Qxd7 Bxd7 21. Ne5 Rfd8 22. Rfc1 Rac8 23. Rxc8 Bxc8 24. Rc1 Be6 25. Kf1 1/2-1/2

[Event "HUN-ch U14"]
[Site "Balatonlelle"]
[Date "2014.06.24"]
[Round "5"]
[White "Piri, Tamas"]
[Black "Szabo, Benjamin"]
[Result "0-1"]
[WhiteElo "1369"]
[BlackElo "1842"]
[PlyCount "90"]
[EventDate "2014.06.20"]
[EventType "swiss"]
[EventRounds "9"]
[EventCountry "HUN"]
[SourceTitle "EXT 2024"]
[Source "ChessBase"]
[SourceDate "2023.10.10"]
[SourceVersion "1"]
[SourceVersionDate "2023.10.10"]
[SourceQuality "1"]

1. e4 c5 2. Nf3 e6 3. d4 cxd4 4. Nxd4 a6 5. Nc3 Qc7 6. Be3 Bb4 7. Bd2 Nf6 8. Bd3 Nc6 9. Nf3 0-0 10. h3 b5 11. 0-0 Be7 12. Be3 Bb7 13. Nd4 b4 14. Na4 d5 15. exd5 Nxd5 16. Nf3 Nxe3 17. fxe3 Bf6 18. Rb1 Rad8 19. Qe2 Qa5 20. b3 Ne7 21. Nd2 Nd5 22. Qh5 g6 23. Nc4 Qc7 24. Qh6 Bg7 25. Qh4 Bc6 26. e4 Ne7 27. Nab2 Bb5 28. Qf4 Qxf4 29. Rxf4 Nc6 30. Rff1 h5 31. a4 bxa3 32. Nxa3 Bxd3 33. Nxd3 Nd4 34. Kf2 Rc8 35. c4 Rfd8 36. Ke1 Bf8 37. b4 a5 38. Kd2 axb4 39. Nxb4 Nb5+ 40. Nd3 Nxa3 41. Rb7 Nxc4+ 42. Ke2 f5 43. Nf4 Nd6 44. Ra7 Nxe4 45. Rb1 Nc3+ 0-1

[Event "HUN-chT2 Szechenyi 1314"]
[Site "Hungary"]
[Date "2014.04.27"]
[Round "11.5"]
[White "Szabo, Benjamin"]
[Black "Forgacs, Attila"]
[Result "1/2-1/2"]
[WhiteElo "1800"]
[BlackElo "2177"]
[PlyCount "80"]
[EventDate "2013.09.08"]
[EventType "team-tourn"]
[EventRounds "11"]
[EventCountry "HUN"]
[SourceTitle "EXT 2016"]
[Source "ChessBase"]
[SourceDate "2015.10.08"]
[SourceVersion "1"]
[SourceVersionDate "2015.10.08"]
[SourceQuality "1"]
[WhiteTeam "Tapolca II"]
[BlackTeam "Balatonfuered"]
[WhiteTeamCountry "HUN"]
[BlackTeamCountry "HUN"]

1. d4 Nf6 2. Nf3 c5 3. c3 d5 4. g3 e6 5. Bg2 Bd6 6. 0-0 Nc6 7. Bg5 h6 8. Bxf6 Qxf6 9. dxc5 Bxc5 10. Nbd2 0-0 11. Nb3 Bb6 12. Nfd4 e5 13. Nc2 Be6 14. Bxd5 Rfd8 15. e4 Bh3 16. Qe2 Bxf1 17. Rxf1 Rd7 18. Kg2 Re8 19. Ne3 Ne7 20. c4 Nc6 21. Qg4 Red8 22. a3 Bd4 23. Qe2 g6 24. Nc1 Kh7 25. Nd3 h5 26. b4 b6 27. h4 Ne7 28. f4 Nxd5 29. Nxd5 Qg7 30. f5 Rd6 31. Ne1 f6 32. Nf3 gxf5 33. Nxd4 exd4 34. Qxh5+ Kg8 35. Qxf5 d3 36. Rd1 Qh7 37. Qxh7+ Kxh7 38. Rxd3 Kg7 39. Rc3 Re6 40. Kf3 Re5 1/2-1/2

[Event "EU-ch U14 23rd"]
[Site "Budva"]
[Date "2013.10.08"]
[Round "9"]
[White "Fejzic, Edo"]
[Black "Szabo, Benjamin"]
[Result "0-1"]
[WhiteElo "1655"]
[BlackElo "1800"]
[PlyCount "78"]
[EventDate "2013.09.29"]
[EventType "swiss"]
[EventRounds "9"]
[EventCountry "MNE"]
[SourceTitle "EXT 2014"]
[Source "ChessBase"]
[SourceDate "2013.11.20"]
[SourceVersion "1"]
[SourceVersionDate "2013.11.20"]
[SourceQuality "1"]

1. e4 c5 2. Nf3 e6 3. d4 cxd4 4. Nxd4 a6 5. Nc3 Qc7 6. Be3 Nf6 7. f3 Bb4 8. Qd2 d5 9. Bd3 e5 10. a3 Bxc3 11. bxc3 exd4 12. cxd4 dxe4 13. fxe4 0-0 14. 0-0 Nbd7 15. e5 Nd5 16. Bh6 Ne7 17. h4 Qb6 18. Be3 Nd5 19. Bf2 Qd8 20. c4 Nc7 21. h5 Ne6 22. Be3 Qh4 23. h6 g6 24. d5 Nec5 25. Rf4 Qe7 26. Re1 Nxe5 27. Bc2 Ncd7 28. Bd4 Qg5 29. Bxe5 Nxe5 30. Qd4 Re8 31. Ba4 b5 32. cxb5 Bd7 33. bxa6 Bxa4 34. Qxa4 Nf3+ 35. Rxf3 Rxe1+ 36. Kf2 Qd2+ 37. Kg3 Re2 38. Qd7 Qg5+ 39. Qg4 Rxg2+ 0-1

[Event "EU-ch U14 23rd"]
[Site "Budva"]
[Date "2013.10.07"]
[Round "8"]
[White "Szabo, Benjamin"]
[Black "Yazici, Ugur Doga"]
[Result "0-1"]
[WhiteElo "1800"]
[BlackElo "1696"]
[PlyCount "114"]
[EventDate "2013.09.29"]
[EventType "swiss"]
[EventRounds "9"]
[EventCountry "MNE"]
[SourceTitle "EXT 2014"]
[Source "ChessBase"]
[SourceDate "2013.11.20"]
[SourceVersion "1"]
[SourceVersionDate "2013.11.20"]
[SourceQuality "1"]

1. e4 e5 2. Nf3 Nc6 3. d4 exd4 4. Nxd4 Nf6 5. Nxc6 bxc6 6. Qe2 Qe7 7. Nc3 d5 8. exd5 Qxe2+ 9. Bxe2 cxd5 10. Nb5 Kd8 11. Bf4 Bb4+ 12. c3 Ba5 13. Nd4 Bd7 14. 0-0 c6 15. Bf3 Bc7 16. Bxc7+ Kxc7 17. Rac1 Rac8 18. c4 Kb8 19. c5 Rhe8 20. b4 Ne4 21. Be2 Kb7 22. a4 a6 23. Rc2 Ra8 24. Bd3 g6 25. Rb1 Kc7 26. h4 Reb8 27. Bxe4 dxe4 28. Rcb2 f5 29. Kf1 Rb7 30. Ke2 h6 31. Ke3 g5 32. hxg5 hxg5 33. g3 Rh8 34. Rc1 Rh6 35. Rcc2 Rb8 36. Rc1 Re8 37. b5 axb5 38. axb5 f4+ 39. gxf4 Rh3+ 40. Ke2 Bg4+ 41. Kd2 Rd3+ 42. Kc2 Rxd4 43. b6+ Kb7 44. Ra1 Ra8 45. Rxa8 Kxa8 46. fxg5 Rc4+ 47. Kd2 Rxc5 48. Ke3 Bf5 49. Kf4 Bg6 50. Rd2 Rf5+ 51. Kg4 Rd5 52. Rb2 Kb7 53. Kf4 Rf5+ 54. Kg4 Rb5 55. Rd2 Rd5 56. Rb2 Rd3 57. Kf4 Rf3+ 0-1

[Event "EU-ch U14 23rd"]
[Site "Budva"]
[Date "2013.10.03"]
[Round "5"]
[White "Burovic, Rijad"]
[Black "Szabo, Benjamin"]
[Result "1-0"]
[WhiteElo "1930"]
[BlackElo "1800"]
[PlyCount "69"]
[EventDate "2013.09.29"]
[EventType "swiss"]
[EventRounds "9"]
[EventCountry "MNE"]
[SourceTitle "EXT 2014"]
[Source "ChessBase"]
[SourceDate "2013.11.20"]
[SourceVersion "1"]
[SourceVersionDate "2013.11.20"]
[SourceQuality "1"]

1. e4 c5 2. d3 e6 3. g3 d5 4. Nd2 Nc6 5. Bg2 g6 6. Ngf3 Bg7 7. 0-0 Nge7 8. Re1 b6 9. e5 Qc7 10. Qe2 Nf5 11. c3 Ba6 12. g4 Nfe7 13. Nf1 h6 14. Ng3 0-0-0 15. Bd2 d4 16. c4 g5 17. Nh5 Rhg8 18. Nxg7 Rxg7 19. a3 Ng6 20. b4 Nce7 21. bxc5 bxc5 22. Rab1 Kd7 23. Qd1 Rgg8 24. Qa4+ Qc6 25. Qa5 Qc8 26. Rb2 Ke8 27. Reb1 Nc6 28. Qxc5 Ncxe5 29. Qxa7 Nxd3 30. Rb8 Qxc4 31. Rxd8+ Kxd8 32. Qb8+ Bc8 33. Qd6+ Ke8 34. Nxd4 Ne7 35. Nc6 1-0

[Event "EU-ch U14 23rd"]
[Site "Budva"]
[Date "2013.09.29"]
[Round "1"]
[White "Shapiro, David"]
[Black "Szabo, Benjamin"]
[Result "1-0"]
[WhiteElo "2071"]
[BlackElo "1800"]
[PlyCount "47"]
[EventDate "2013.09.29"]
[EventType "swiss"]
[EventRounds "9"]
[EventCountry "MNE"]
[SourceTitle "EXT 2014"]
[Source "ChessBase"]
[SourceDate "2013.11.20"]
[SourceVersion "1"]
[SourceVersionDate "2013.11.20"]
[SourceQuality "1"]

1. d4 g6 2. e4 Bg7 3. Nc3 d6 4. Be3 Nf6 5. Qd2 Ng4 6. Bg5 h6 7. Bh4 c6 8. h3 Nf6 9. Nf3 g5 10. Bg3 Qa5 11. e5 dxe5 12. Nxe5 Be6 13. Bc4 Bd5 14. 0-0 0-0 15. f4 Nh5 16. Bxd5 Nxg3 17. Rf3 cxd5 18. Rxg3 f6 19. fxg5 hxg5 20. Ng6 Re8 21. h4 Qc7 22. Qe3 Nc6 23. hxg5 fxg5 24. Qe6+ 1-0

[Event "HUN-chT2 Szechenyi 1213"]
[Site "Hungary"]
[Date "2013.03.03"]
[Round "8.12"]
[White "Szabo, Benjamin"]
[Black "Barasits, Balint"]
[Result "1-0"]
[WhiteElo "1725"]
[BlackElo "1558"]
[PlyCount "97"]
[EventDate "2012.09.16"]
[EventType "team-tourn"]
[EventRounds "11"]
[EventCountry "HUN"]
[SourceTitle "EXT 2014"]
[Source "ChessBase"]
[SourceDate "2013.11.20"]
[SourceVersion "1"]
[SourceVersionDate "2013.11.20"]
[SourceQuality "1"]
[WhiteTeam "Tapolca"]
[BlackTeam "Arboretum"]
[WhiteTeamCountry "HUN"]
[BlackTeamCountry "HUN"]

1. e4 e5 2. Nc3 Nc6 3. g3 Bc5 4. Bg2 Nge7 5. d3 0-0 6. Nge2 f5 7. exf5 Rxf5 8. 0-0 Qf8 9. Be3 b6 10. Be4 Rf6 11. d4 exd4 12. Bxd4 Bxd4 13. Nxd4 Ba6 14. Nxc6 dxc6 15. Bd3 Rd8 16. Qe2 Bxd3 17. cxd3 Rfd6 18. Rad1 Nf5 19. Qe4 Nd4 20. Qe3 Qf5 21. Ne4 R6d7 22. a3 Qf3 23. Rfe1 Qg4 24. Ng5 g6 25. f4 Nc2 26. Qe6+ Qxe6 27. Rxe6 Rxd3 28. Rxd3 Rxd3 29. Rxc6 Nd4 30. Rxc7 h6 31. Ne4 Nb5 32. Nf6+ Kf8 33. Rb7 Rd1+ 34. Kg2 Rd2+ 35. Kh3 Rxb2 36. a4 Nd4 37. Nd7+ Ke8 38. Ne5 g5 39. fxg5 hxg5 40. Rxa7 Re2 41. Nc4 b5 42. Nd6+ Kf8 43. axb5 Rb2 44. Rb7 Nf3 45. Rf7+ Kg8 46. Rxf3 Rb4 47. g4 Rd4 48. Nc8 Rd5 49. Ne7+ 1-0

[Event "HUN-ch U12"]
[Site "Balatonlelle"]
[Date "2012.06.24"]
[Round "3"]
[White "Bohus, Adam"]
[Black "Szabo, Benjamin"]
[Result "0-1"]
[WhiteElo "1704"]
[BlackElo "1618"]
[PlyCount "86"]
[EventDate "2012.06.22"]
[EventType "tourn"]
[EventRounds "9"]
[EventCountry "HUN"]
[SourceTitle "EXT 2014"]
[Source "ChessBase"]
[SourceDate "2013.11.20"]
[SourceVersion "1"]
[SourceVersionDate "2013.11.20"]
[SourceQuality "1"]

1. d4 Nf6 2. c4 e6 3. Nc3 Bb4 4. a3 Bxc3+ 5. bxc3 Nc6 6. e3 b6 7. Bd3 Ba6 8. e4 e5 9. Ne2 0-0 10. 0-0 Re8 11. Bg5 h6 12. Bh4 d6 13. f4 exf4 14. Bxf6 Qxf6 15. Rxf4 Qe7 16. Ng3 Bc8 17. Qf3 Nd8 18. Rf1 Rf8 19. Nf5 Bxf5 20. exf5 f6 21. Qxa8 Qe3+ 22. Kh1 Qxd3 23. Qd5+ Nf7 24. R4f3 Qe2 25. Qe6 Re8 26. Qxe2 Rxe2 27. c5 dxc5 28. dxc5 Ne5 29. Rf4 Re3 30. a4 Rxc3 31. cxb6 axb6 32. Kg1 Kf7 33. Rd4 Ke7 34. Rfd1 Ra3 35. Kf2 Ra2+ 36. Kg3 Ra3+ 37. Kf4 Ra2 38. R1d2 Ra3 39. Ke4 c5 40. Rd6 Rxa4+ 41. Kd5 Rb4 42. Re6+ Kf7 43. Rc2 Rd4# 0-1